000 01417cam a2200433 a 4500
001 8374
003 FISKH
005 20250910102703.0
008 030303s2004 nyua b 000 1 eng
010 _a 2003003934
020 _a0439444217
020 _a0439444225
_qpbk. : alk. paper
020 _a9780439444217
020 _a9780439837668
020 _a9780439444224
_q(pbk. : alk. paper)
035 _a13109353
040 _aDLC
_cDLC
_dDLC
_beng
050 0 0 _aPZ7.J15357
_bMy 2004
082 _a 493
100 1 _aJames, Betsy.
245 1 0 _aMy chair /
_cby Betsy James ; illustrated by Mary Newell DePalma.
260 _aNew York :
_bScholastic,
_c2004.
300 _a30 unnumbered pages :
_bcolor illustrations ;
_c26 cm
336 _atext
_btxt
_2rdacontent
337 _aunmediated
_bn
_2rdamedia
338 _avolume
_bnc
_2rdacarrier
505 _aJ
520 _aA group of children celebrate their various chairs and their imaginations as they gather to welcome a new neighbor.
521 8 _a430
_bLexile AD
521 8 _aJ
_bRaz-Plus
650 1 _aChairs
_vFiction.
650 1 _aNeighbors
_vFiction.
650 1 _aImagination
_vFiction.
655 7 _aFiction.
_2lcgft
_0https://id.loc.gov/authorities/genreForms/gf2014026339
700 1 _aDePalma, Mary Newell,
_eillustrator
906 _a7
_bcbc
_corignew
_d1
_eecip
_f20
_gy-gencatlg
942 _2ddc
_cBK
_n0
999 _c8374
_d8374